| 000 | 00669nam a2200229Ia 4500 | ||
|---|---|---|---|
| 003 | GCL | ||
| 008 | 140319s9999 xx 000 0 eng d | ||
| 040 |
_aGCL / _cGCL |
||
| 082 | 0 | 4 |
_a621.3973 _bB I |
| 100 | 1 | _aBROWN,ROBERT GRIVER | |
| 245 | 1 | 0 |
_aINTRODUCTION TO RANDOM SIGNALS AND APPLIED KALMAN FILTERING: 2ND ED INCLUDING A DISK / _cBROWN,ROBERT GRIVER |
| 700 | 1 | _aHWANG, PATRICKY.C | |
| 260 |
_a[S.N] : _bJOHN WILEY AND SONS. INC ، _c1992 |
||
| 300 | _a502 P | ||
| 650 | 0 | 4 | _aالتحليل الرياضى |
| 650 | 0 | 4 | _aBUILDINGS |
| 650 | 0 | 4 | _aRANDOM |
| 650 | 0 | 4 | _aKALMAN FILTERING |
| 650 | 0 | 4 | _aENGINEER DESIGN |
| 650 | 0 | 4 | _aFILERING |
| 942 |
_2ddc _cBK |
||
| 999 |
_c15360 _d15360 |
||